00380nam a2200133Ia 4500008004100000041000800041082001400049100003000063245006400093250000800157260004700165300000700212650002700219230711s9999||||xx |||||||||||||| ||und|| aENG a621bBU-I aBureau of Indian Standard 0aSI : 2026 Pt IIbSpecification for power tarnsmission Pt II a1st c1977aNew DelhibBureau of Indian Standard a20 aElectrical Engineering